| 000 | 00725nam a2200229Ia 4500 | ||
|---|---|---|---|
| 003 | IN-BaIIA | ||
| 008 | 211028s9999 xx 000 0 eng d | ||
| 020 | _a0-8165-1257-4 | ||
| 040 | _cIIA Library | ||
| 080 |
_a523.43 _bMAR |
||
| 245 | 0 |
_aMars _cedited by Hugh H. Kieffer…[et al.] |
|
| 260 |
_aTucson _bUniversity of Arizona Press _c1992 |
||
| 300 | _axv, 1498p. | ||
| 490 | _aSpace science series | ||
| 650 | _aAstronomy and astrophysics thesaurus | ||
| 650 |
_aMars _91378 |
||
| 700 |
_aJakosky, Bruce M., ed. _918499 |
||
| 700 |
_aKieffer, Hugh H., ed. _918500 |
||
| 700 |
_aMatthews, Mildred S., ed. _918501 |
||
| 700 |
_aSnyder, Conway W., ed. _918502 |
||
| 942 | _cBK | ||
| 999 |
_c10821 _d10821 |
||